Vías y escenarios de la transformación laboral aproximaciones teóricas y nuevos problemas (Registro nro. 59216)
[ vista simple ]
| 000 -ENCABEZADO | |
|---|---|
| Número de control [NR] | 01201nam a2200289Ia 4500 |
| 008 - DE LONGITUD FIJA DE DATOS DE ELEMENTOS - INFORMACIÓN GENERAL | |
| Elementos de longitud fija [NR] | 130821s2008 ck gr spa |
| 020 ## - NUMERO INTERNACIONAL NORMALIZADO PARA LIBROS [R] | |
| Número Internacional Normalizado del libro [NR] | 9789588378534 |
| 040 ## - FUENTE DE CATALOGACION [NR] | |
| Agencia de catalogación original [NR] | Co-BoUCM |
| Idioma de catalogación [NR] | spa |
| 041 00 - CODIGO DE IDIOMA [R] | |
| Código de idioma para texto/pista de sonido o título separado [R] | Español |
| 245 00 - MENCION DE TITULO [NR] | |
| Título [NR] | Vías y escenarios de la transformación laboral aproximaciones teóricas y nuevos problemas |
| Mención de responsabilidad, etc. [NR] | Carmen Marina López Pino...[et al.] |
| 260 ## - PUBLICACION, DISTRIBUCION, ETC. (PIE DE IMPRENTA) [R] | |
| Lugar de publicación, distribución, etc. [R] | Bogotá (Colombia) |
| Nombre del editor, distribuidor, etc. [R] | Editorial Universidad del Rosario |
| Fecha de publicación, distribución, etc. [R] | 2008 |
| 300 ## - DESCRIPCION FISICA [R] | |
| Extensión [R] | 422 páginas |
| 490 ## - MENCION DE SERIE [R] | |
| Mención de serie [R] | Colección de Textos de Ciencias Humanas |
| 504 ## - NOTA DE BIBLIOGRAFIA, ETC. [R] | |
| Nota de bibliografía, etc. [NR] | |
| 504 ## - NOTA DE BIBLIOGRAFIA, ETC. [R] | |
| Nota de bibliografía, etc. [NR] | |
| 650 04 - ASIENTO SECUNDARIO DE MATERIA - TERMINO TEMATICO [R] | |
| Término temático o nombre geográfico como elemento de entrada [NR] | Economía del trabajo |
| 9 (RLIN) | 26481 |
| 650 04 - ASIENTO SECUNDARIO DE MATERIA - TERMINO TEMATICO [R] | |
| Término temático o nombre geográfico como elemento de entrada [NR] | Sindicalismo |
| Subdivisión general [R] | Historia |
| Subdivisión geográfica [R] | América Latina |
| 9 (RLIN) | 24443 |
| 650 04 - ASIENTO SECUNDARIO DE MATERIA - TERMINO TEMATICO [R] | |
| Término temático o nombre geográfico como elemento de entrada [NR] | Trabajo |
| Subdivisión de forma [R] | Aspectos sociales |
| 9 (RLIN) | 25581 |
| 650 04 - ASIENTO SECUNDARIO DE MATERIA - TERMINO TEMATICO [R] | |
| Término temático o nombre geográfico como elemento de entrada [NR] | Trabajo |
| Subdivisión general [R] | Historia |
| 9 (RLIN) | 25581 |
| 650 04 - ASIENTO SECUNDARIO DE MATERIA - TERMINO TEMATICO [R] | |
| Término temático o nombre geográfico como elemento de entrada [NR] | Trabajo |
| Subdivisión general [R] | Legislación |
| Subdivisión geográfica [R] | América Latina |
| 9 (RLIN) | 25581 |
| 700 1# - ASIENTO SECUNDARIO - NOMBRE PERSONAL [R] | |
| Nombre personal [NR] | López Pino, Carmen Marina |
| 9 (RLIN) | 95198 |
| 700 1# - ASIENTO SECUNDARIO - NOMBRE PERSONAL [R] | |
| Nombre personal [NR] | López Rodríguez, Luis Guillermo |
| 9 (RLIN) | 136242 |
| 700 1# - ASIENTO SECUNDARIO - NOMBRE PERSONAL [R] | |
| Nombre personal [NR] | Pineda Duque, Javier Armando |
| 9 (RLIN) | 102986 |
| 710 1# - ASIENTO SECUNDARIO - NOMBRE CORPORATIVO [R] | |
| Nombre corporativo o de jurisdicción como elemento de entrada [NR] | Universidad Colegio Mayor de Nuestra Señora del Rosario. |
| Unidad subordinada [R] | Escuela de Ciencias Humanas |
| 9 (RLIN) | 28886 |
| 942 ## - ELEMENTOS DE ENTRADA AGREGADOS (KOHA) | |
| Tipo de ítem principal el descrito en 300a | Libro |
| Sistema de clasificación | DEWEY |
| Tema principal | Economía |
| Edición | 1 |
| Clasificación | 331.8 |
| Parte restante de la signatura top. | V622 |
| Fecha de último préstamo | Total préstamos | Signatura topográfica | Código de barras | Última vez visto | Ejemplar | Price effective from | Tipo de ítem | Perdido | Sistema de clasificación | Dañado | No prestable | Tipo de ítem específico | Suprimido | Ubicación habitual | Ubicación actual | Localización | Fecha de creación | Forma de adquisición | Costo | Total Renewals |
|---|---|---|---|---|---|---|---|---|---|---|---|---|---|---|---|---|---|---|---|---|
| 10/02/2009 | 331.8 V622 | 200018270 | 09/12/2017 | Ej.4 | 03/02/2013 | Libro | DEWEY | Libro | Bodega | Bodega | Préstamo 4 días después de solicitado | 30/09/2009 | Memoria institucional | 26000.00 | ||||||
| 10/02/2009 | 331.8 V622 | 100096464 | 26/02/2022 | Ej.2 | 03/02/2013 | Edición Rosarista | DEWEY | Libro Edición Rosarista | Bodega | Bodega | Préstamo 4 días después de solicitado | 28/02/2013 | Memoria institucional | 26000.00 | ||||||
| 12/04/2019 | 8 | 331.8 V622 | 100096465 | 03/12/2025 | Ej.3 | 03/02/2013 | Libro | DEWEY | Libro | Claustro | Claustro | Mezanine | 28/02/2013 | Memoria institucional | 26000.00 | 1 | ||||
| 10/02/2009 | 331.8 V622 | 100096463 | 03/12/2025 | Ej.1 | 03/02/2013 | Libro | DEWEY | Libro | Claustro | Claustro | Mezanine | 28/02/2013 | Memoria institucional | 26000.00 |